| 000 | 00738cam a22002412 4500 | ||
|---|---|---|---|
| 001 | 0000003154 | ||
| 005 | 20151021151100.0 | ||
| 008 | 070430s xx 000 0 eng d | ||
| 020 |
_a0826451764 : _cKES 2,550 |
||
| 040 |
_aKABU _cKABU |
||
| 050 | 0 |
_aHN29 _b.O67 1992 |
|
| 100 | 1 |
_aOppenheim, A. N. _@0000152835 |
|
| 245 | 1 | 0 | _aQuestionaire design, interviewing and attitude measurement. |
| 250 | _aNew ed. | ||
| 260 |
_aLondon : _bContinuum, _c1992. |
||
| 300 | _a303 p. | ||
| 650 | 0 |
_aSocial surveys. _@0000152836 |
|
| 650 | 0 |
_aQuestionnaire. _@0000152837 |
|
| 650 | 0 |
_aAttitudes (Psychology) _xTesting. _@0000152838 |
|
| 852 | 1 | _9p4150 KES | |
| 908 | _a070430 | ||
| 950 | _@1 | ||
| 999 |
_c474 _d474 |
||